Statistics for Bundesliga Top Goalscorer since 2000

Click here to take the quiz!

General Stats

  • This quiz has been taken 66 times
  • The average score is 10 of 19

Answer Stats

Answer % Correct
Robert Lewandowski
100%
Pierre-Emerick Aubameyang
90%
Mario Gomez
82%
Miroslav Klose
76%
Stefan Kie├čling
65%
Edin Dzeko
65%
Luca Toni
65%
Klaas-Jan Huntelaar
60%
Grafite
60%
Giovane Elber
56%
Ailton
45%
Alexander Meier
44%
Marcio Amoroso
29%
Theofanis Gekas
29%
Martin Max
27%
Ebbe Sand
27%
Marek Mintal
24%
Thomas Christiansen
21%
Sergej Barbarez
19%

Score Distribution

Percentile by Number Answered

Percent of People with Each Score

Your Score History

You have not taken this quiz